[Event "PKL 2005 Kampioensgroep en Eerste Klasse"]
[Site "Herkenbosch, Netherlands"]
[Date "2005.11.12"]
[Round "1"]
[White "Renet, Jack"]
[Black "Roufs, Gerard"]
[Result "1-0"]
[WhiteElo "2257"]
[BlackElo "1914"]
[PlyCount "101"]
[EventDate "2005.??.??"]

1. g3 Nf6 2. Bg2 g6 3. Nf3 Bg7 4. O-O O-O 5. d3 d6 6. c3 e5 7. e4 Nc6 8. b4 a5
9. b5 Ne7 10. Nbd2 c6 11. Rb1 c5 12. Nc4 Qc7 13. b6 Qd8 14. Ba3 Nc6 15. Qe2 Qe7
16. Rfe1 Re8 17. Nfd2 Bg4 18. Qf1 Bh6 19. Bh3 Bxh3 20. Qxh3 Bf8 21. Ne3 Qe6 22.
Qg2 Ne7 23. Ndc4 Bh6 24. Rb5 a4 25. Bc1 Bg7 26. Bd2 Red8 27. a3 Qd7 28. Rbb1
Ra6 29. Nd5 Nexd5 30. exd5 Qf5 31. Re3 Qd7 32. Rbe1 Bh6 33. f4 Re8 34. R3e2
exf4 35. Rxe8+ Nxe8 36. Qe4 Ra8 37. Bxf4 Bxf4 38. Qxf4 Kg7 39. Kg2 Rd8 40. Rf1
Kg8 41. Nb2 Ra8 42. g4 Qe7 43. Nc4 Qe2+ 44. Rf2 Qe7 45. g5 Qd7 46. Ne3 Ra6 47.
Ng4 Kg7 48. Nh6 f5 49. gxf6+ Nxf6 50. Qxf6+ Kxh6 51. Rf4 1-0

[Event "PKL 2005 Kampioensgroep en Eerste Klasse"]
[Site "Herkenbosch, Netherlands"]
[Date "2005.11.12"]
[Round "1"]
[White "Koelman, Bart"]
[Black "van Gool, Henk"]
[Result "0-1"]
[WhiteElo "1822"]
[BlackElo "2162"]
[PlyCount "64"]
[EventDate "2005.??.??"]

1. e4 e5 2. Nf3 Nc6 3. Nc3 Nf6 4. a3 d5 5. exd5 Nxd5 6. Ne4 f5 7. Ng3 e4 8. Ng1
Qe7 9. c3 Ne5 10. Qb3 c6 11. Be2 Nd3+ 12. Kf1 f4 13. c4 fxg3 14. Bxd3 exd3 15.
hxg3 Nf6 16. Qxd3 g6 17. b4 Bf5 18. Qc3 Bg7 19. d4 Ne4 20. Qe3 O-O 21. Nf3 Rae8
22. Qb3 c5 23. bxc5 Nxc5 24. Qa2 Bxd4 25. Bh6 Bxa1 26. Qxa1 Rf7 27. Rh4 Qe2+
28. Kg1 Rd8 29. Nd4 Qe5 30. Be3 Nb3 31. Nxb3 Qxa1+ 32. Nxa1 Rd1+ 0-1

[Event "PKL 2005 Kampioensgroep en Eerste Klasse"]
[Site "Herkenbosch, Netherlands"]
[Date "2005.11.12"]
[Round "1"]
[White "Bus, Tom"]
[Black "Sofic, Narcis"]
[Result "1/2-1/2"]
[WhiteElo "2082"]
[BlackElo "1790"]
[PlyCount "36"]
[EventDate "2005.??.??"]

1. c4 c6 2. g3 d5 3. Bg2 Nf6 4. Nf3 g6 5. b3 Bg7 6. Bb2 O-O 7. O-O Nbd7 8. Qc2
Re8 9. d3 e5 10. cxd5 Nxd5 11. Nbd2 N7b6 12. a3 a5 13. Rfe1 Bg4 14. Rac1 Qd7
15. h3 Bxf3 16. Bxf3 f5 17. e4 fxe4 18. dxe4 Nc7 1/2-1/2

[Event "PKL 2005 Kampioensgroep en Eerste Klasse"]
[Site "Herkenbosch, Netherlands"]
[Date "2005.11.12"]
[Round "1"]
[White "Schotanus, Fred"]
[Black "Coenen, Eduard"]
[Result "1-0"]
[WhiteElo "1782"]
[BlackElo "2063"]
[PlyCount "139"]
[EventDate "2005.??.??"]

1. e4 e6 2. d4 d5 3. exd5 exd5 4. Nf3 Nf6 5. Bd3 Bd6 6. O-O O-O 7. Bg5 Bg4 8.
Nbd2 c6 9. c3 Nbd7 10. Qc2 Qc7 11. h3 Bh5 12. Rfe1 Rae8 13. Rxe8 Rxe8 14. Re1
Rxe1+ 15. Nxe1 b5 16. a3 a5 17. Nef3 a4 18. Nh4 Bg6 19. Nxg6 hxg6 20. Nf3 Nb6
21. Qe2 Kf8 22. g3 Nc4 23. Bc1 Qe7 24. Qxe7+ Kxe7 25. Nd2 Nxd2 26. Bxd2 Ne4 27.
Bc1 f5 28. Kg2 Kf6 29. g4 Bc7 30. f3 Ng5 31. f4 Ne4 32. g5+ Ke6 33. Kf3 Ba5 34.
Ke3 Kd6 35. Be2 Ke6 36. Bd3 Bd8 37. h4 Nd6 38. Be2 Bb6 39. Bd3 c5 40. Be2 Nc4+
41. Kd3 Nd6 42. Bd2 Ne4 43. Be3 c4+ 44. Kc2 Bc7 45. Kd1 Bd6 46. Bf3 Nxc3+ 47.
bxc3 Bxa3 48. Kc2 b4 49. cxb4 Bxb4 50. Bd2 Bd6 51. Bd1 a3 52. Kb1 c3 53. Be3
Kd7 54. Bb3 Ke7 55. Bxd5 Bb4 56. Bb3 c2+ 57. Kxc2 Be1 58. Bc4 Bxh4 59. Kb3 Be1
60. Kxa3 Kd6 61. Ka4 Bc3 62. Kb5 Bb2 63. Bf7 Ba1 64. Bxg6 Kd5 65. Bxf5 Bxd4 66.
Bxd4 Kxd4 67. Kc6 Ke3 68. Bh7 Kxf4 69. g6 Kf5 70. Kd7 1-0

[Event "PKL 2005 Kampioensgroep en Eerste Klasse"]
[Site "Herkenbosch, Netherlands"]
[Date "2005.11.12"]
[Round "1"]
[White "Nelissen, Andy"]
[Black "Aben, Paul"]
[Result "0-1"]
[WhiteElo "2005"]
[BlackElo "1776"]
[PlyCount "93"]
[EventDate "2005.??.??"]

1. e4 c6 2. Nc3 d5 3. Nf3 Bg4 4. exd5 cxd5 5. Bb5+ Nc6 6. h3 Bxf3 7. Qxf3 e6 8.
O-O Nf6 9. d3 Be7 10. Bf4 O-O 11. Bxc6 bxc6 12. g4 Nd7 13. Rfe1 Bf6 14. Qg3 Qa5
15. Bd2 Qb6 16. Rab1 Rfe8 17. g5 Bd8 18. Bf4 Rc8 19. Qg4 Bc7 20. Be3 Qb7 21. b4
Bd6 22. h4 e5 23. Bd2 Rf8 24. b5 Rce8 25. Qg2 e4 26. dxe4 d4 27. bxc6 Qxc6 28.
Nb5 Bc5 29. c3 d3 30. Nd4 Qa4 31. Qh3 Ne5 32. Nf3 Qxa2 33. Rbd1 Nc4 34. Qf5 Bb6
35. Qb5 Rc8 36. e5 Rfd8 37. e6 fxe6 38. g6 h6 39. Qh5 Nxd2 40. Rxd2 Qd5 41. Re5
Qd6 42. Qg4 Rxc3 43. Rxe6 Qc5 44. Qe4 Qc8 45. Rxd3 Rcxd3 46. Re8+ Rxe8 47. Qxd3
0-1

[Event "PKL 2005 Kampioensgroep en Eerste Klasse"]
[Site "Herkenbosch, Netherlands"]
[Date "2005.11.12"]
[Round "2"]
[White "Aben, Paul"]
[Black "Renet, Jack"]
[Result "0-1"]
[WhiteElo "1776"]
[BlackElo "2257"]
[PlyCount "72"]
[EventDate "2005.??.??"]

1. e4 g6 2. d4 Bg7 3. Nc3 c6 4. Be3 d6 5. Nf3 Nf6 6. h3 Qc7 7. a4 O-O 8. Bc4
Nbd7 9. O-O Nxe4 10. Nxe4 d5 11. Bxd5 cxd5 12. Nc3 Nf6 13. Qd2 Bf5 14. Bf4 Qb6
15. Rfe1 Rac8 16. b3 Ne4 17. Nxe4 Bxe4 18. Rac1 Bxf3 19. gxf3 Rfe8 20. Be5 f6
21. Bg3 Kf7 22. Re2 Rc6 23. Rce1 Bf8 24. Qd3 Rec8 25. Kg2 a6 26. h4 h5 27. Bf4
Rc3 28. Qd2 Qc6 29. Rc1 Qd7 30. Re3 R3c6 31. Re2 Qf5 32. Kg3 Rc3 33. Re3 Rxc2
34. Rxc2 Rxc2 35. Qb4 Qd7 36. Re1 e5 0-1

[Event "PKL 2005 Kampioensgroep en Eerste Klasse"]
[Site "Herkenbosch, Netherlands"]
[Date "2005.11.12"]
[Round "2"]
[White "van Gool, Henk"]
[Black "Schotanus, Fred"]
[Result "1-0"]
[WhiteElo "2162"]
[BlackElo "1782"]
[PlyCount "121"]
[EventDate "2005.??.??"]

1. e4 c6 2. d4 d5 3. e5 Bf5 4. Ne2 e6 5. Ng3 Bg6 6. h4 h6 7. h5 Bh7 8. Bd3 Bxd3
9. Qxd3 Nd7 10. f4 Ne7 11. f5 Nxf5 12. Nxf5 exf5 13. Qxf5 Qe7 14. O-O Qe6 15.
Nc3 Be7 16. Ne2 Qxf5 17. Rxf5 Nf8 18. Be3 Ne6 19. Raf1 O-O 20. R5f3 Rac8 21.
Ng3 Bg5 22. Nf5 Rc7 23. Bxg5 Nxg5 24. Ra3 b6 25. Rc3 Ne4 26. Rxc6 Rfc8 27. Rxc7
Rxc7 28. c3 b5 29. Ne3 Rd7 30. g4 a6 31. Kg2 Kh7 32. Re1 Ng5 33. a4 Rb7 34.
Nxd5 bxa4 35. Nb4 a5 36. Nd3 a3 37. b4 axb4 38. Nxb4 Rc7 39. Re3 Ra7 40. Re2
Rc7 41. Rc2 Ne4 42. d5 Nc5 43. Kf3 Nd7 44. Nc6 Rb7 45. e6 fxe6 46. dxe6 Nf6 47.
Nb4 Rc7 48. c4 Kg8 49. c5 Kf8 50. c6 Ke7 51. Rc3 a2 52. Nxa2 Kxe6 53. Nb4 Nd5
54. Nxd5 Kxd5 55. Kf4 Ke6 56. Ke4 Kd6 57. Kf5 Kd5 58. Rc1 Kd6 59. Kg6 Kd5 60.
Rd1+ Kxc6 61. Rc1+ 1-0

[Event "PKL 2005 Kampioensgroep en Eerste Klasse"]
[Site "Herkenbosch, Netherlands"]
[Date "2005.11.12"]
[Round "2"]
[White "Coenen, Eduard"]
[Black "Bus, Tom"]
[Result "1-0"]
[WhiteElo "2063"]
[BlackElo "2082"]
[PlyCount "95"]
[EventDate "2005.??.??"]

1. d4 Nf6 2. c3 g6 3. Bg5 Bg7 4. Nd2 d5 5. e3 Nbd7 6. Bd3 c5 7. Ngf3 O-O 8. O-O
Qb6 9. Qb3 c4 10. Qxb6 axb6 11. Bc2 b5 12. Rfe1 Nb6 13. e4 e6 14. e5 Nfd7 15.
Be7 Re8 16. Ba3 Nb8 17. h3 Nc6 18. Nh2 f5 19. exf6 Bxf6 20. Ng4 Bg7 21. Nf3 Na4
22. Bxa4 Rxa4 23. Bd6 b4 24. Nfe5 Nxe5 25. dxe5 bxc3 26. bxc3 Ra6 27. Bc5 h5
28. Nf6+ Bxf6 29. exf6 Kf7 30. Bd4 Ra3 31. Re2 Bd7 32. Rb1 Bc6 33. f4 Rea8 34.
Reb2 b5 35. Rxb5 Bxb5 36. Rxb5 R8a7 37. Rb8 Rd7 38. Bc5 Kxf6 39. Rf8+ Kg7 40.
Bxa3 Ra7 41. Bd6 Ra6 42. Rd8 Kf6 43. g4 hxg4 44. hxg4 Rxa2 45. Be5+ Ke7 46. Rg8
d4 47. Bxd4 Kd6 48. Rd8+ {Vanaf dit punt is de notitie niet leesbaar.} 1-0

[Event "PKL 2005 Kampioensgroep en Eerste Klasse"]
[Site "Herkenbosch, Netherlands"]
[Date "2005.11.12"]
[Round "2"]
[White "Sofic, Narcis"]
[Black "Nelissen, Andy"]
[Result "1-0"]
[WhiteElo "1790"]
[BlackElo "2005"]
[PlyCount "79"]
[EventDate "2005.??.??"]

1. d4 Nf6 2. c4 e6 3. Nc3 Bb4 4. Qc2 Nc6 5. Nf3 d5 6. Bg5 h6 7. Bxf6 Qxf6 8. e3
O-O 9. a3 Bxc3+ 10. Qxc3 Bd7 11. b4 Qd8 12. Rc1 Rc8 13. b5 Ne7 14. c5 c6 15. a4
f5 16. g3 Kh8 17. Ne5 Be8 18. h4 Ng8 19. Be2 Nf6 20. f3 Nd7 21. Nxd7 Bxd7 22.
f4 b6 23. Kf2 bxc5 24. dxc5 Qc7 25. Rhg1 Be8 26. Qb4 Qe7 27. Qd4 Bd7 28. Rc3
Rfe8 29. Rgc1 Kh7 30. b6 e5 31. fxe5 Qxe5 32. Qxe5 Rxe5 33. a5 Ra8 34. Rb1 Re4
35. Ra3 Rc4 36. Bxc4 dxc4 37. a6 Be6 38. bxa7 c3 39. Rxc3 Rxa7 40. Rb6 1-0

[Event "PKL 2005 Kampioensgroep en Eerste Klasse"]
[Site "Herkenbosch, Netherlands"]
[Date "2005.11.12"]
[Round "2"]
[White "Roufs, Gerard"]
[Black "Koelman, Bart"]
[Result "1/2-1/2"]
[WhiteElo "1914"]
[BlackElo "1822"]
[PlyCount "92"]
[EventDate "2005.??.??"]

1. e4 e5 2. Nf3 d6 3. d4 exd4 4. Nxd4 Be7 5. Bc4 Nf6 6. Nc3 O-O 7. O-O a6 8.
Qe2 Nbd7 9. Bf4 Ne5 10. Bb3 b5 11. a3 Bb7 12. Rad1 Qc8 13. Nf5 Ng6 14. Bg5 Bd8
15. Qf3 Re8 16. Nh6+ gxh6 17. Bxf6 Qd7 18. Bd4 Bg5 19. Qd3 Qg4 20. f3 Qh5 21.
Be3 Re7 22. Ne2 Bxe3+ 23. Qxe3 Qg5 24. Qxg5 hxg5 25. Bd5 c6 26. Bb3 d5 27. Ng3
dxe4 28. Nxe4 h6 29. Rd6 Kg7 30. Nc5 Ne5 31. f4 gxf4 32. Rxf4 Rae8 33. h3 Bc8
34. Rh4 Ng6 35. Rhd4 Ne5 36. Rd8 a5 37. Rxe8 Rxe8 38. Kf2 Be6 39. Bxe6 fxe6 40.
b3 Kf6 41. Rd6 Kf5 42. g4+ Kf6 43. Ke3 a4 44. Nd3 axb3 45. cxb3 Ra8 46. Nc5 Re8
1/2-1/2

[Event "PKL 2005 Kampioensgroep en Eerste Klasse"]
[Site "Herkenbosch, Netherlands"]
[Date "2005.11.13"]
[Round "3"]
[White "Renet, Jack"]
[Black "van Gool, Henk"]
[Result "1/2-1/2"]
[WhiteElo "2257"]
[BlackElo "2162"]
[PlyCount "87"]
[EventDate "2005.??.??"]

1. g3 d5 2. Bg2 c6 3. Nf3 Bg4 4. Ne5 Bh5 5. d4 f6 6. Nd3 Nd7 7. f4 Nh6 8. O-O
Qb6 9. c3 e5 10. fxe5 fxe5 11. Kh1 e4 12. Nf4 Bf7 13. c4 dxc4 14. Nc3 Nf6 15.
Nxe4 Nxe4 16. Bxe4 O-O-O 17. e3 g5 18. Ne2 Be7 19. Nc3 Rhf8 20. Qc2 Be6 21. Bd2
Qc7 22. Bg2 Ng4 23. Ne4 Bd5 24. Kg1 h5 25. Rxf8 Rxf8 26. Rf1 Rxf1+ 27. Bxf1 Qd7
28. Bxc4 Bxc4 29. Qxc4 Qf5 30. d5 Qxd5 31. Qxd5 cxd5 32. Nc3 Bb4 33. e4 Bxc3
34. bxc3 dxe4 35. Bxg5 Kd7 36. h3 Ne5 37. Kf2 Nc4 38. g4 hxg4 39. hxg4 Ke6 40.
Bf4 a5 41. Kg3 b5 42. Kh4 b4 43. cxb4 axb4 44. Kg3 1/2-1/2

[Event "PKL 2005 Kampioensgroep en Eerste Klasse"]
[Site "Herkenbosch, Netherlands"]
[Date "2005.11.13"]
[Round "3"]
[White "Schotanus, Fred"]
[Black "Sofic, Narcis"]
[Result "1/2-1/2"]
[WhiteElo "1782"]
[BlackElo "1790"]
[PlyCount "33"]
[EventDate "2005.??.??"]

1. e4 c5 2. Nc3 e6 3. d3 a6 4. g3 b5 5. Bg2 Bb7 6. f4 b4 7. Nce2 d5 8. exd5
Bxd5 9. Nf3 Nf6 10. O-O Be7 11. h3 Nbd7 12. g4 h6 13. Ng3 Qc7 14. Qe2 c4 15.
Ne1 Bxg2 16. Qxg2 Rc8 17. d4 1/2-1/2

[Event "PKL 2005 Kampioensgroep en Eerste Klasse"]
[Site "Herkenbosch, Netherlands"]
[Date "2005.11.13"]
[Round "3"]
[White "Aben, Paul"]
[Black "Coenen, Eduard"]
[Result "0-1"]
[WhiteElo "1776"]
[BlackElo "2063"]
[PlyCount "54"]
[EventDate "2005.??.??"]

1. e4 c6 2. Nc3 g6 3. d4 Bg7 4. Nf3 d5 5. Be3 Bg4 6. Be2 e6 7. h3 Bxf3 8. Bxf3
f5 9. e5 c5 10. g4 Ne7 11. Ne2 Nbc6 12. Nf4 Qd7 13. c3 O-O 14. g5 cxd4 15. cxd4
Rac8 16. Qa4 Kf7 17. Kf1 Nxe5 18. Qxd7 Nxd7 19. Kg2 Rc2 20. Rab1 Nb6 21. Bd1
Rc7 22. b3 Nc6 23. Ne2 Nc8 24. Rc1 Nd6 25. b4 Rfc8 26. Bf4 Ke7 27. Nc3 Nxd4 0-1

[Event "PKL 2005 Kampioensgroep en Eerste Klasse"]
[Site "Herkenbosch, Netherlands"]
[Date "2005.11.13"]
[Round "3"]
[White "Bus, Tom"]
[Black "Roufs, Gerard"]
[Result "1/2-1/2"]
[WhiteElo "2082"]
[BlackElo "1914"]
[PlyCount "84"]
[EventDate "2005.??.??"]

1. c4 Nf6 2. g3 g6 3. Bg2 Bg7 4. Nc3 O-O 5. d3 d6 6. Bg5 e5 7. Qd2 c6 8. e4 Na6
9. Nge2 Nc5 10. h3 Ne6 11. Be3 Nd7 12. d4 Qa5 13. O-O c5 14. dxc5 dxc5 15. Nd5
Qxd2 16. Bxd2 Nd4 17. Nxd4 exd4 18. f4 Nb6 19. Rac1 Nxd5 20. cxd5 b6 21. Rfe1
Bd7 22. e5 Rac8 23. g4 Rfe8 24. b3 Rcd8 25. Bf1 Bc8 26. Bb5 Bd7 27. Bc4 Kh8 28.
e6 fxe6 29. dxe6 Bc6 30. f5 gxf5 31. Bg5 d3 32. gxf5 d2 33. f6 dxc1=Q 34. fxg7+
Kxg7 35. Rxc1 Rd4 36. Rf1 Rd6 37. e7 Rg6 38. Rf7+ Kg8 39. Rf8+ Kg7 40. Rf7+ Kg8
41. Rf6+ Kg7 42. Rf7+ Kg8 1/2-1/2

[Event "PKL 2005 Kampioensgroep en Eerste Klasse"]
[Site "Herkenbosch, Netherlands"]
[Date "2005.11.13"]
[Round "3"]
[White "Koelman, Bart"]
[Black "Nelissen, Andy"]
[Result "1-0"]
[WhiteElo "1822"]
[BlackElo "2005"]
[PlyCount "109"]
[EventDate "2005.??.??"]

1. e4 c5 2. Nf3 d6 3. Nc3 Nf6 4. d3 g6 5. Be2 Bg7 6. O-O O-O 7. h3 Nc6 8. Bf4
a6 9. a3 b5 10. Rb1 b4 11. Nd5 Nxd5 12. exd5 Nb8 13. Nd2 Bb7 14. Bf3 Nd7 15.
Nc4 Nf6 16. Ne3 a5 17. c4 Nd7 18. a4 h6 19. b3 g5 20. Bh2 f5 21. Bh5 Bc8 22.
Kh1 Kh7 23. f4 Nb6 24. Qf3 Rf6 25. Rbe1 Rb8 26. Re2 Bd7 27. Rfe1 Bf8 28. Kg1
Rb7 29. g4 Qc8 30. gxf5 Bxf5 31. Nxf5 Qxf5 32. Bg4 Qg6 33. f5 Qe8 34. Re6 Qf7
35. Qe2 Nc8 36. Bh5 Qg7 37. Bg6+ Kg8 38. Bg3 Nb6 39. Rxf6 Qxf6 40. Qe6+ Qxe6
41. fxe6 Na8 42. Rf1 Nb6 43. Kf2 Bg7 44. Ke3 Bf6 45. Ke4 Kg7 46. Bh5 Na8 47.
Bf2 Nc7 48. d4 Na6 49. dxc5 dxc5 50. Bg3 Rb6 51. Be5 Bxe5 52. Kxe5 Rb7 53. Rf7+
Kg8 54. Kf5 Nc7 55. Rxe7 1-0

[Event "PKL 2005 Kampioensgroep en Eerste Klasse"]
[Site "Herkenbosch, Netherlands"]
[Date "2005.11.13"]
[Round "4"]
[White "van Gool, Henk"]
[Black "Sofic, Narcis"]
[Result "0-1"]
[WhiteElo "2162"]
[BlackElo "1790"]
[PlyCount "118"]
[EventDate "2005.??.??"]

1. e4 c6 2. d4 d5 3. exd5 cxd5 4. Nf3 Nc6 5. c3 Bg4 6. Qb3 Qd7 7. Ne5 Nxe5 8.
dxe5 a6 9. Be3 e6 10. Nd2 Ne7 11. Bd4 Nc6 12. Bd3 Bh5 13. O-O Be7 14. f4 Bg6
15. Be2 Nxd4 16. cxd4 f5 17. Rfc1 O-O 18. Rc2 Rfc8 19. Rac1 Be8 20. Kf2 Rxc2
21. Qxc2 Bd8 22. Qc5 Qc6 23. Nb3 Kf7 24. Qb4 Qb6 25. Qxb6 Bxb6 26. Nc5 Bc6 27.
Ke3 Ke7 28. Nxa6 Kd7 29. Nb4 Ra4 30. a3 Ba5 31. Bd1 Rxb4 32. axb4 Bxb4 33. g4
g6 34. gxf5 exf5 35. Ra1 Be7 36. Ra8 Ke6 37. Ba4 b5 38. Ra6 Kd7 39. Ra7+ Ke6
40. Bc2 h6 41. Bd3 Be8 42. Rb7 b4 43. b3 Kf7 44. Ba6 Ke6 45. Ra7 Bc6 46. Bc8+
Kf7 47. Ra6 Bb5 48. Be6+ Kg7 49. Ra7 Kf8 50. Bxd5 Bf1 51. Bc4 Bg2 52. d5 Bc5+
53. Kd3 Bxa7 54. d6 Bf1+ 55. Kd2 Bxc4 56. bxc4 g5 57. e6 Bc5 58. d7 Ke7 59. h3
gxf4 0-1

[Event "PKL 2005 Kampioensgroep en Eerste Klasse"]
[Site "Herkenbosch, Netherlands"]
[Date "2005.11.13"]
[Round "4"]
[White "Coenen, Eduard"]
[Black "Renet, Jack"]
[Result "0-1"]
[WhiteElo "2063"]
[BlackElo "2257"]
[PlyCount "79"]
[EventDate "2005.??.??"]

1. d4 g6 2. c3 Bg7 3. Nf3 Nf6 4. Bg5 Ne4 5. Bh4 d5 6. Nbd2 f5 7. e3 c6 8. Ne5
O-O 9. f4 Nd7 10. Nxe4 fxe4 11. Nxd7 Bxd7 12. Be2 Rf7 13. Bg4 Bxg4 14. Qxg4 Qb6
15. O-O-O c5 16. Rhf1 cxd4 17. cxd4 e6 18. Qe2 Rc7+ 19. Kb1 Rac8 20. Rc1 Rc4
21. Rxc4 Rxc4 22. Rc1 Rc6 23. Rxc6 Qxc6 24. Qc2 Qxc2+ 25. Kxc2 Kf7 26. g4 Ke8
27. Kb3 Kd7 28. Ka4 Bf8 29. Kb5 Kc7 30. a4 a6+ 31. Ka5 Kc6 32. Bd8 Bd6 33. g5
Bf8 34. b4 Bd6 35. b5+ axb5 36. axb5+ Kd7 37. Bb6 Ba3 38. Bc5 Bc1 39. f5 gxf5
40. h4 0-1

[Event "PKL 2005 Kampioensgroep en Eerste Klasse"]
[Site "Herkenbosch, Netherlands"]
[Date "2005.11.13"]
[Round "4"]
[White "Schotanus, Fred"]
[Black "Koelman, Bart"]
[Result "1-0"]
[WhiteElo "1782"]
[BlackElo "1822"]
[PlyCount "63"]
[EventDate "2005.??.??"]

1. e4 e5 2. Bc4 Nc6 3. Nf3 Be7 4. Nc3 Nf6 5. d3 O-O 6. O-O d6 7. h3 a6 8. a3 b5
9. Ba2 Bb7 10. Be3 Qd7 11. Nd5 Rae8 12. Nh2 Nxd5 13. Bxd5 Nd8 14. Bxb7 Nxb7 15.
f4 exf4 16. Bxf4 Nc5 17. Be3 d5 18. e5 d4 19. Bf4 Ne6 20. Bd2 Bc5 21. Qg4 Kh8
22. Nf3 f6 23. exf6 Rxf6 24. Ng5 Qe7 25. Rxf6 gxf6 26. Ne4 Bd6 27. Nxd6 Qxd6
28. Re1 Qd5 29. Qh4 Rf8 30. Bh6 Rf7 31. Re4 f5 32. Rxe6 1-0

[Event "PKL 2005 Kampioensgroep en Eerste Klasse"]
[Site "Herkenbosch, Netherlands"]
[Date "2005.11.13"]
[Round "4"]
[White "Roufs, Gerard"]
[Black "Aben, Paul"]
[Result "1/2-1/2"]
[WhiteElo "1914"]
[BlackElo "1776"]
[PlyCount "24"]
[EventDate "2005.??.??"]

1. e4 e5 2. Nf3 Nc6 3. Bb5 a6 4. Ba4 Nf6 5. O-O b5 6. Bb3 Be7 7. Re1 O-O 8. h3
d6 9. a3 Na5 10. Ba2 c5 11. d3 Bb7 12. Nc3 Qc7 1/2-1/2

[Event "PKL 2005 Kampioensgroep en Eerste Klasse"]
[Site "Herkenbosch, Netherlands"]
[Date "2005.11.13"]
[Round "4"]
[White "Nelissen, Andy"]
[Black "Bus, Tom"]
[Result "1-0"]
[WhiteElo "2005"]
[BlackElo "2082"]
[PlyCount "107"]
[EventDate "2005.??.??"]

1. e4 c5 2. Nc3 Nc6 3. Bb5 Nd4 4. Bc4 g6 5. Nf3 Bg7 6. O-O e6 7. d3 a6 8. Bf4
d6 9. Nxd4 cxd4 10. Ne2 Ne7 11. Qd2 h6 12. Rae1 e5 13. Bg3 g5 14. c3 dxc3 15.
bxc3 O-O 16. Rd1 d5 17. exd5 Nxd5 18. d4 e4 19. a4 Bg4 20. f3 exf3 21. gxf3 Bh3
22. Rf2 Re8 23. Rc1 Qd7 24. Bxd5 Qxd5 25. c4 Qc6 26. a5 Rad8 27. d5 Qc5 28. Kh1
Be5 29. Ng1 Bf5 30. Rg2 Bd4 31. Rd1 Bxg1 32. Rgxg1 Qxc4 33. Rg2 Kh7 34. Kg1 Rd7
35. d6 Re6 36. Rc1 Qb3 37. Rf2 Re3 38. Kg2 h5 39. h3 h4 40. Bh2 Rd3 41. Qxg5
Bxh3+ 42. Kxh3 Rxf3+ 43. Rxf3 Qxf3+ 44. Kxh4 Qf2+ 45. Bg3 Qd4+ 46. Kh5 Rxd6 47.
Bxd6 Qxd6 48. Qf5+ Kg7 49. Rg1+ Kf8 50. Qc8+ Ke7 51. Qxb7+ Kf8 52. Qc8+ Ke7 53.
Re1+ Kf6 54. Qc3+ 1-0

[Event "PKL 2005 Kampioensgroep en Eerste Klasse"]
[Site "Herkenbosch, Netherlands"]
[Date "2005.12.10"]
[Round "5"]
[White "Sofic, Narcis"]
[Black "Renet, Jack"]
[Result "1/2-1/2"]
[WhiteElo "1790"]
[BlackElo "2257"]
[PlyCount "58"]
[EventDate "2005.??.??"]

1. d4 g6 2. c3 Bg7 3. Nf3 d6 4. Bf4 Nf6 5. e3 O-O 6. h3 c6 7. Qb3 Nbd7 8. Nbd2
b5 9. a4 a6 10. axb5 cxb5 11. Be2 Nb6 12. O-O Bb7 13. Rfc1 d5 14. Qb4 Ne4 15.
Nb3 Rc8 16. Nfd2 Nxd2 17. Nxd2 Nd7 18. Nb3 Re8 19. Qa5 Qxa5 20. Nxa5 Ba8 21.
Nb3 Rc6 22. Bf3 e6 23. Na5 Rcc8 24. Nb3 Bb7 25. Na5 Bc6 26. Ra2 f5 27. Rca1 Ba8
28. Nb3 Bb7 29. Na5 Ba8 1/2-1/2

[Event "PKL 2005 Kampioensgroep en Eerste Klasse"]
[Site "Herkenbosch, Netherlands"]
[Date "2005.12.10"]
[Round "5"]
[White "Coenen, Eduard"]
[Black "van Gool, Henk"]
[Result "0-1"]
[WhiteElo "2063"]
[BlackElo "2162"]
[PlyCount "110"]
[EventDate "2005.??.??"]

1. d4 Nf6 2. c3 b6 3. Bg5 Bb7 4. Nd2 d5 5. Bxf6 gxf6 6. e3 e6 7. f4 f5 8. Ngf3
Nd7 9. Qa4 c6 10. c4 dxc4 11. Nxc4 Qe7 12. Qc2 Bg7 13. Nfe5 Nf6 14. Be2 O-O 15.
Bf3 Rac8 16. O-O Nd5 17. Qd2 Rfd8 18. Bh5 Rf8 19. Rac1 c5 20. dxc5 Rxc5 21.
Rfd1 Ba8 22. b3 b5 23. Nb2 Rxc1 24. Rxc1 Bxe5 25. fxe5 Qg5 26. Bf3 Nxe3 27. Re1
f4 28. Bxa8 Rxa8 29. Nd3 Rd8 30. Re2 f6 31. exf6 Qf5 32. f7+ Qxf7 33. Qc3 Qf5
34. Ne1 Qg4 35. Rf2 Rf8 36. h3 Qg5 37. Nf3 Qf6 38. Ne5 Nd1 39. Qe1 Nxf2 40.
Kxf2 Qg7 41. Ng4 Qd4+ 42. Kf1 f3 43. Qxe6+ Kh8 44. gxf3 Rxf3+ 45. Kg2 Rf8 46.
Qe7 Qd5+ 47. Kh2 Qd2+ 48. Kg3 Qc3+ 49. Kh2 Rc8 50. Ne5 Qd2+ 51. Kg3 Qe3+ 52.
Kh4 Qf2+ 53. Kh5 Rf8 54. Ng4 Rf5+ 55. Kh6 Qf4+ 0-1

[Event "PKL 2005 Kampioensgroep en Eerste Klasse"]
[Site "Herkenbosch, Netherlands"]
[Date "2005.12.10"]
[Round "5"]
[White "Aben, Paul"]
[Black "Schotanus, Fred"]
[Result "1-0"]
[WhiteElo "1776"]
[BlackElo "1782"]
[PlyCount "55"]
[EventDate "2005.??.??"]

1. e4 c6 2. Nc3 d5 3. Nf3 dxe4 4. Nxe4 Bg4 5. h3 Bxf3 6. Qxf3 Nd7 7. d4 e6 8.
Bf4 Ndf6 9. c3 Nxe4 10. Qxe4 Nf6 11. Qf3 Be7 12. Bd3 h6 13. O-O O-O 14. Rfe1
Qd5 15. Qe2 Rfe8 {=} 16. a4 a5 17. Qd2 Bf8 18. Re3 Bd6 19. Be5 Bxe5 20. Rxe5
Qd6 21. Rae1 Nd7 22. R5e3 Kh8 23. Rf3 Nf6 24. Rxf6 gxf6 25. Qxh6+ Kg8 26. Bh7+
Kh8 27. Bg6+ Kg8 28. Qh7+ 1-0

[Event "PKL 2005 Kampioensgroep en Eerste Klasse"]
[Site "Herkenbosch, Netherlands"]
[Date "2005.12.10"]
[Round "5"]
[White "Nelissen, Andy"]
[Black "Roufs, Gerard"]
[Result "1-0"]
[WhiteElo "2005"]
[BlackElo "1914"]
[PlyCount "37"]
[EventDate "2005.??.??"]

1. e4 c5 2. Nc3 Nc6 3. f4 g6 4. Nf3 Bg7 5. Bc4 e6 6. d3 Nge7 7. e5 d6 8. exd6
Qxd6 9. Ne4 Qc7 10. O-O b6 11. a3 O-O 12. Rb1 Bb7 13. Bd2 Rfd8 14. Nfg5 Nd4 15.
c3 Ndf5 16. Nxf7 Kxf7 17. Ng5+ Ke8 18. Nxe6 Qc6 19. Bb5 1-0

[Event "PKL 2005 Kampioensgroep en Eerste Klasse"]
[Site "Herkenbosch, Netherlands"]
[Date "2005.12.10"]
[Round "5"]
[White "Koelman, Bart"]
[Black "Bus, Tom"]
[Result "0-1"]
[WhiteElo "1822"]
[BlackElo "2082"]
[PlyCount "80"]
[EventDate "2005.??.??"]

1. e4 c5 2. Nf3 Nc6 3. Nc3 d6 4. b3 g6 5. Bb2 Bg7 6. g3 e5 7. Nd5 Nge7 8. c4
O-O 9. Bg2 Nxd5 10. cxd5 Ne7 11. O-O h6 12. d3 f5 13. Qc2 f4 14. Bc3 g5 15. h3
Ng6 16. g4 Bf6 17. Ne1 Kg7 18. f3 Rh8 19. Kf2 h5 20. Qd2 b5 21. Ba5 Qf8 22. b4
Bd8 23. bxc5 dxc5 24. a3 Bb6 25. Rb1 Bd7 26. Nc2 Qd8 27. Bc3 a5 28. Ke2 hxg4
29. hxg4 Rh2 30. Rg1 b4 31. Ba1 Qc7 32. Kf1 Rah8 33. Ne1 c4 34. axb4 Bxg1 35.
bxa5 Be3 36. Qb4 Rh1+ 37. Bxh1 Rxh1+ 38. Ke2 Rh2+ 39. Kd1 Ba4+ 40. Qxa4 Rd2+
0-1

[Event "PKL 2005 Kampioensgroep en Eerste Klasse"]
[Site "Herkenbosch, Netherlands"]
[Date "2005.12.10"]
[Round "6"]
[White "Renet, Jack"]
[Black "Schotanus, Fred"]
[Result "1-0"]
[WhiteElo "2257"]
[BlackElo "1782"]
[PlyCount "63"]
[EventDate "2005.??.??"]

1. g3 d5 2. Bg2 Nf6 3. Nf3 g6 4. O-O Bg7 5. d3 O-O 6. c3 c6 7. b4 Nbd7 8. Nbd2
a5 9. Bb2 a4 10. a3 b5 11. Rc1 Bb7 12. c4 Rc8 13. Rc2 Re8 14. Qa1 e6 15. Rfc1
Qe7 16. cxb5 cxb5 17. Nd4 Rxc2 18. Rxc2 Ba6 19. N2f3 Qf8 20. Qc1 Rb8 21. Nc6
Re8 22. Na5 Rc8 23. Nd4 Rxc2 24. Qxc2 Qd6 25. Ndc6 Ne8 26. Bxg7 Kxg7 27. Qc3+
f6 28. e4 Nc7 29. Qd4 e5 30. Qa7 d4 31. Nd8 Qb6 32. Qxc7 1-0